00580nam a22001814a 450000500170000000800410001701000170005802000260007502000230010103500260012403700420015004000180019208200060021024500740021626000290029030000250031950400540034420190515142522.0060927s2007 ii a b 001 0 eng  aB-272349-379 a9788189632076c250.00 a8189632078c250.00 aB-272349-379,B-272368 aAakar/I-104/2.6.08/32/16.5.08/11.6.08 adplbEnglish  aS aKahani:bshort stories by Pakistani Women /cedited by Aamer Hussein  aNew Delhi bStanzac2007 a170p. c20 cm (pbk)  aIncludes glossary and bibliographical references